Divadelné spektrum v legislatívnej podobe

Podrobná bibliografia
Hlavní autori: Polák, Milan, 1932-2022 (Autor), Maťašík, Andrej, 1953-2017 (Autor), Slezáček, Juraj, 1943-2016 (Autor), Sisák, Jaroslav, 1939-2025 (Autor), Dlouhý, Oleg, 1951-2014 (Autor), Javorský, František, 1954- (Autor), Fejko, Štefan, 1949- (Autor)
Ďalší autori: Stenchláková, Nela (apd)
Médium: Článok
Jazyk:slovenčina
Fyzický popis:Fotogr.
ISSN:1335-146X
Predmet:

MARC

LEADER 00000nab a2200000 a 4500
001 vtls000662648
003 SK-MaSNL
005 20260426100618.0
008 140301c1998 xo 0 slo
015 |a SNBRB1998/06-16902 
035 |a CLN000014836 
040 |a SNKBUCL  |b slo  |c SNKBUCL  |e AACR2 
041 0 |a slo 
044 |a xo  |c SK 
080 |a 340.133:792  |2 1997 
080 |a 792:340.133  |2 1997 
245 0 0 |a Divadelné spektrum v legislatívnej podobe  |c spracovala Nela Stenchláková 
300 |b Fotogr. 
650 0 7 |a divadlá  |2 snkbucl  |9 29113 
650 0 7 |a zákony  |2 snkbucl  |9 1156 
651 7 |a Slovensko  |2 snkbucl  |9 14231 
655 7 |a besedy  |2 snkbucl  |9 1036340 
655 7 |a články z novín a časopisov  |2 snkbucl  |9 267496 
700 1 |a Stenchláková, Nela  |4 apd  |9 890384 
700 1 |a Polák, Milan,  |d 1932-2022  |4 aut  |9 102381 
700 1 |a Maťašík, Andrej,  |d 1953-2017  |4 aut  |9 102086 
700 1 |a Slezáček, Juraj,  |d 1943-2016  |4 aut  |9 105111 
700 1 |a Sisák, Jaroslav,  |d 1939-2025  |4 aut  |9 119923 
700 1 |a Dlouhý, Oleg,  |d 1951-2014  |4 aut  |9 103456 
700 1 |a Javorský, František,  |d 1954-  |4 aut  |9 105629 
700 1 |a Fejko, Štefan,  |d 1949-  |4 aut  |9 120424 
773 0 |t Teatro  |g Roč. 4, č. 6 (1998), s. 4-11  |x 1335-146X 
850 |a Slovenská národná knižnica v Martine 
852 |a SNK  |b KIS3GCP 
992 |a RBX 
999 |c 3201873  |d 3203803